Derecho de los títulos valores : (Registro nro. 5779)

Detalles MARC
000 -LEADER
fixed length control field 01022nam a2200253Ia 4500
003 - CONTROL NUMBER IDENTIFIER
control field OSt
005 - DATE AND TIME OF LATEST TRANSACTION
control field 20200819211158.0
008 - FIXED-LENGTH DATA ELEMENTS--GENERAL INFORMATION
fixed length control field 191128s2008 ck fr 000 0 spa d
020 ## - INTERNATIONAL STANDARD BOOK NUMBER
International Standard Book Number 9789587103786
040 ## - CATALOGING SOURCE
Original cataloging agency CO-JMCR
Transcribing agency CO-JMCR
045 0# - TIME PERIOD OF CONTENT
Time period code spa
082 04 - DEWEY DECIMAL CLASSIFICATION NUMBER
Classification number 346.0920264 /
Item number V124d
Edition number 23
100 1# - MAIN ENTRY--PERSONAL NAME
Personal name Valencia Copete, César Julio,
Relator term autor
9 (RLIN) 9005
245 10 - TITLE STATEMENT
Title Derecho de los títulos valores :
Remainder of title Corte Suprema de Justicia 1972-2008 /
Statement of responsibility, etc. César Julio Valencia Copete y Luis Ramón Garcés Díaz
250 ## - EDITION STATEMENT
Edition statement 2a. edición
260 ## - PUBLICATION, DISTRIBUTION, ETC.
Place of publication, distribution, etc. Bogotá :
Name of publisher, distributor, etc. Universidad Externado de Colombia,
Date of publication, distribution, etc. 2008
300 ## - PHYSICAL DESCRIPTION
Extent 781 páginas ;
Dimensions 24 cm.
504 ## - BIBLIOGRAPHY, ETC. NOTE
Bibliography, etc. note Bibliografía: páginas 761-765
505 0# - FORMATTED CONTENTS NOTE
Formatted contents note Acción de cobro-competencia territorial (Acción cambiaria de cobro-fuero general o personal) -- Acción cambiaria de cobro-competencia territorial
650 14 - SUBJECT ADDED ENTRY--TOPICAL TERM
Topical term or geographic name entry element Acción cambiaria
9 (RLIN) 9006
650 14 - SUBJECT ADDED ENTRY--TOPICAL TERM
Topical term or geographic name entry element Títulos valores
General subdivision legislación
Geographic subdivision Colombia
9 (RLIN) 9007
700 1# - ADDED ENTRY--PERSONAL NAME
Personal name Garcés Díaz, Luis Ramón,
Relator term autor
9 (RLIN) 9008
942 ## - ADDED ENTRY ELEMENTS (KOHA)
Source of classification or shelving scheme Dewey Decimal Classification
Koha item type Books
Existencias
Withdrawn status Lost status Source of classification or shelving scheme Damaged status Not for loan Collection code Home library Current library Date acquired Source of acquisition Total Checkouts Full call number Barcode Date last seen Date last checked out Copy number Koha item type
    Dewey Decimal Classification     Non-fiction Biblioteca Pública José María del Castillo y Rada Biblioteca Pública José María del Castillo y Rada 04/15/2018 Donación 1 346.0920264 / V124d 430009045 04/01/2025 03/04/2025 Ej.1 Books